000 00510nam a2200193Ia 4500
005 20250923145819.0
008 008 250917s9999 xx 000 0 eng d
037 _aTextual
040 _aDSWL
_beng
_cDSWL
041 _aeng
_2eng
084 _aY310aw81x2, N87
_qDSWL
245 0 _aRevolt studies one
_cEd. by C.Palit
260 _aCalcutta
_b Asiatic
_c1988
300 _a238p.
365 _aINR
_b225
925 _g225
942 _cTEXL
_hY310aw81x2, N87
999 _c1456004
_d1456004